| 000 | 00568nam a2200205Ia 4500 | ||
|---|---|---|---|
| 005 | 20231116110259.0 | ||
| 008 | 131103s9999 xx 000 0 und d | ||
| 040 | _aLoreto College | ||
| 041 | _aEnglish | ||
| 082 |
_a323 _bGIN |
||
| 100 | _aGinsberg, Morris | ||
| 245 |
_aOn Justice In Society _cMorris Ginsberg |
||
| 260 |
_aHarmondsworth _bPenguin Books _cc1965 |
||
| 300 | _a248 p. | ||
| 504 | _aIncludes bibliographical references and index | ||
| 650 | _aPolitics - Political Rights - | ||
| 651 | _aPolitical Science - | ||
| 850 | _aLCLIB | ||
| 942 | _cBK | ||
| 999 |
_c1251 _d51730 |
||